000 00917nam a22002897a 4500
003 DO-SdBNP
005 20230601152933.0
007 ta
008 230601b1990 ag ||||| |||| 00| 0 spa d
020 _a9684326068
040 _aDO-SdBNP
_bspa
_cBNPHU
_erda
082 4 _222
100 _938332
_aHesiodo
245 1 0 _aTeogonía :
_blos trabajos y los dias. El escudo de Heracles /
_cHesíodo ; prálogo José Manuel Villalaz
250 _a7a ed.
264 1 _aArgentina :
_bPorrúa,
_c1990.
300 _a87 páginas ;
_c22 cm.
336 _2rdacontent
_atexto
_btxt
337 _2rdamedia
_asin mediación
_bn
338 _2rdacarrier
_avolumen
_bnc
490 _aSepan cuantos
_v206
500 _aIncluye referencias bibliográficas, notas al pie de las páginas e índice.
590 _aInventariado, 2023/BT
700 1 _aVillalaz, José Manuel,
_eprólogo
_983493
910 _aBtavárez
942 _2ddc
_cLBS1
999 _c53690
_d53690